LEADER 01128nam a2200265 i 4500 001 000000161498 003 CaOOAMICUS 005 20240408135535.0 008 070518n it u000 u ita u 013 $a138861 040 $aSeMil$bita 100 1 $aTolstoj, Lev Nikoląevi?,$d<1828-1910>.$0(OLS)http://semarc/name/3624 245 10$aInfanzia, Adolescenza, Giovinezza /$cLev Tolstoj ; Traduzione di Agostino Villa ; Illustrazioni originali di Marek Rudnicki. 260 $aTorino :$bEinaudi,$c197[?] 300 $a403 p. ;$c21 cm. 490 0 $aI classici russi 500 $aAi pie' del front : Distribuito da ORPHEUS LIBRI. 700 1 $aRudnicki, Marek.$0(OLS)http://semarc/name/42643 700 1 $aVilla, Agostino.$0(OLS)http://semarc/name/3625 830 2$aI classici russi.$0(OLS)http://semarc/title/21428 850 $aSeMil 852 $aSeMil$W1$xVenegono$y1$m1V IV 102$j112895$B112895$CSeMilBibl$Z2$F124268 $81 996 $6245$aInfanzia, Adolescenza, Giovinezza$9(OLS)http://semarc/title/144629 996 $6260$aTorino :$bEinaudi$9(OLS)http://semarc/publisher/29884 LEADER 00587nab a2200145 i 4500 001 000000309785 003 CaOOAMICUS 005 20180831173001.0 008 180831n xx uu u0 0und r 013 $a18880 040 $aSeMil$bita 100 1 $aBonito, Anton-Maria.$0(OLS)http://semarc/name/88206 245 13$aLa quistione operaia nelle sue origini e nei mezzi pił acconci a risolverla. Studi e proposte. 773 0 $t[Gennaio-Giugno].$g541-554$w()273956 996 $6245$aLa quistione operaia nelle sue origini e nei mezzi pił acconci a risolverla. Studi e proposte$9(OLS)http://semarc/title/384775